Türkiye Cumhuriyeti Bakanlık Logoları - Statistics

General Stats
  • This quiz has been taken 41 times
  • The average score is 13 of 17
Answer Stats
Picture Answer % Correct
Adalet Bakanlığı
97%
Milli Eğitim Bakanlığı
97%
Sağlık Bakanlığı
94%
Aile ve Sosyal Hizmetler Bakanlığı
89%
Çevre, Şehircilik ve İklim Değişikliği Bakanlığı
86%
Dışişleri Bakanlığı
86%
İçişleri Bakanlığı
86%
Gençlik ve Spor Bakanlığı
83%
Hazine ve Maliye Bakanlığı
83%
Sanayi ve Teknoloji Bakanlığı
78%
Tarım ve Orman Bakanlığı
78%
Ulaştırma ve Altyapı Bakanlığı
75%
Kültür ve Turizm Bakanlığı
69%
Milli Savunma Bakanlığı
69%
Ticaret Bakanlığı
47%
Enerji ve Tabii Kaynaklar Bakanlığı
44%
Çalışma ve Sosyal Güvenlik Bakanlığı
31%
No matching quizzes found
Score Distribution
Percent of People with Each Score
Percentile by Number Answered
Your Score History
You have not taken this quiz